000 00801nabaa22001817a 4500
999 _c6140
_d6140
003 OSt
005 20260122231916.0
008 190701b xxu||||| |||| 00| 0 spa d
040 _cPJ
100 _93687
_aButeler, Alfonso
245 1 3 _aLa concesión de aguas /
_cAlfonso Buteler.
300 _ap. 207-222
505 _aSumario: I. Introducción.— II. Competencia y jurisdicción en materia de concesiones de agua.— III. El dominio del agua.— IV. Los usos del agua.— V. La concesión de aguas.
505 _t¿Te interesa el texto completo? Comunicate al correo: koha@justierradelfuego.gov.ar
650 0 _9211
_aDERECHO ADMINISTRATIVO
773 0 _02842
_93251
_dBuenos Aires : AbeledoPerrot, 2012-
_oDA121
_tDerecho administrativo. Nº 149 septiembre/octubre 2023
_z18510590
942 _2udc
_cANA